000 01492nam a2200229Ia 4500
999 _c47692
_d47692
001 14561
003 GE_BSU
005 20190919114741.0
008 181216s1989||||ge |||||||||||||| ||geo||
040 _cGE_BSU
041 _ageo
080 _a39(479.22)+63(479.22) მ-36
245 _aმასალები საქართველოს შინამრეწველობისა და წვრილი ხელოსნობის ისტორიისათვის : 5 ტომად :
_bტ. 4. ნაწ. 3. სოფლის მეურნეობის დარგები /
_cწინასიტყვ. ავტ. და რედ.: ჯ. რუხაძე.
264 _aთბ. :
_bმეცნიერება,
_c1989.
300 _a282 გვ.:
_b 8 ფ. ილ., ტაბ.;
_c26 სმ.
653 _aხელოსნობა საქართველოში
653 _aშინამეურნეობები საქართველოში
653 _aსაქართველოს სოფლის მეურნეობა
700 _aრუხაძე, ჯ.
_eრედაქტორი
_94113
710 _aი. ჯავახიშვილის საერთო რედ. ; საქ. სსრ მეცნ. აკად., ივ. ჯავახიშვილის სახ. ისტორიის, არქეოლ. და ეთნოგრ. ინ-ტი.
_94111
942 _cBK
_2udc